<?xml version="1.0" encoding="UTF-8"?><collection xmlns="info:lc/xmlns/marcxchange-v2"><record format="Unimarc" type="bibliographic"><leader>00981nam  2200289   450 </leader><controlfield tag="001">3814044</controlfield><controlfield tag="003">http://id.bnportugal.gov.pt/bib/porbase/3814044</controlfield><controlfield tag="005">20221011163824.0</controlfield><datafield ind1=" " ind2=" " tag="010"><subfield code="a">3-540-26100-1</subfield></datafield><datafield ind1=" " ind2=" " tag="010"><subfield code="a">978-3-540-26100-1</subfield></datafield><datafield ind1=" " ind2=" " tag="035"><subfield code="a">acienl021.iso/ACIENL/627</subfield></datafield><datafield ind1=" " ind2=" " tag="035"><subfield code="a">0020647</subfield></datafield><datafield ind1=" " ind2=" " tag="100"><subfield code="a">20100331d2006    m  d0pory0103    ba</subfield></datafield><datafield ind1="0" ind2=" " tag="101"><subfield code="a">eng</subfield></datafield><datafield ind1=" " ind2=" " tag="102"><subfield code="a">DE</subfield></datafield><datafield ind1=" " ind2=" " tag="105"><subfield code="a">a   z   101yy</subfield></datafield><datafield ind1=" " ind2=" " tag="106"><subfield code="a">r</subfield></datafield><datafield ind1="1" ind2=" " tag="200"><subfield code="a">Sugar metabolism in Yeasts</subfield><subfield code="e">&#x98;an &#x9c;overview of aerobic and anaerobic glucose catabolism</subfield><subfield code="f">Fernando Rodrigues, Paula Ludovico and Cecilia Leão</subfield></datafield><datafield ind1=" " ind2=" " tag="300"><subfield code="a">Oferta da Académica Cecilia Leão</subfield></datafield><datafield ind1=" " ind2=" " tag="300"><subfield code="a">In: Biodiversity and Ecophysiology of Yeasts. - p. 101-121</subfield></datafield><datafield ind1=" " ind2=" " tag="606"><subfield code="a">Biologia vegetal</subfield></datafield><datafield ind1=" " ind2=" " tag="675"><subfield code="a">581</subfield><subfield code="v">med</subfield><subfield code="z">por</subfield></datafield><datafield ind1=" " ind2="1" tag="700"><subfield code="a">Rodrigues</subfield><subfield code="b">Fernando</subfield></datafield><datafield ind1=" " ind2="1" tag="702"><subfield code="a">Leão</subfield><subfield code="b">Cecília</subfield><subfield code="4">070</subfield></datafield><datafield ind1=" " ind2="1" tag="702"><subfield code="a">Ludovico</subfield><subfield code="b">Paula</subfield><subfield code="4">070</subfield></datafield><datafield ind1=" " ind2="0" tag="801"><subfield code="a">PT</subfield><subfield code="b">ACIENL</subfield><subfield code="g">RPC</subfield></datafield><datafield ind1=" " ind2=" " tag="930"><subfield code="d">Av. C 19955</subfield></datafield><datafield ind1=" " ind2=" " tag="966"><subfield code="l">ACIENL</subfield><subfield code="m">ACIENL</subfield><subfield code="s">Av. C 19955</subfield></datafield></record></collection>